00326cam a22001211 4500082001200000100001900012245004700031260003500078300002400113650002100137650001600158700003000174 a548 WAD1 aWade, F. Alton10aElements of crystallography and mineralogy aCulcuttabOxford & IBHc[1960] axiv, 332 p.billus. 0aCrystallography. 0aMineralogy.1 aMattox, Richard Benjamin,